| 000 | 00839ngm a22002890a 4500 | ||
|---|---|---|---|
| 001 | PT22432 | ||
| 003 | AR-LpoUNG | ||
| 005 | 20210201232250.0 | ||
| 007 | co ||u|||uuuuu | ||
| 008 | 191001s2004||||ag |||||||||||||||||spa d | ||
| 020 |
_a9871046057 _c$8,83 |
||
| 040 |
_aAR-LpoUNG _bspa _cAR-LpoUNG _eaacr |
||
| 044 | _aag | ||
| 082 | 0 | _a005.3 159ger | |
| 100 | 1 | _aSalvarredy, Julián, R. | |
| 245 | 1 | 0 | _aGerenciamiento de proyectos con microsoft excel y microsoft project |
| 260 |
_aBuenos Aires : _bOmicrom System, _c2004. |
||
| 650 | 4 | _aDIRECCION DE PROYECTOS | |
| 650 | 4 | _aDISEÑO DE PROYECTOS | |
| 650 | 4 | _aINFORMATICA | |
| 650 | 4 | _aPROGRAMAS DE COMPUTADORA | |
| 651 | 4 | _aDOCUMENTOS TEORICOS O METODOLOGICOS | |
| 700 | 1 | _aGarcía Front, Javier | |
| 700 | 1 | _aGarcía Fronti, Verónica | |
| 905 | _a22432 | ||
| 942 | _cCDDVD | ||
| 999 |
_c53178 _d53178 |
||